Strategic issues for chartered surveyors (Record no. 91862)

MARC details
000 -LEADER
fixed length control field 00679cam a2200217 4500
001 - CONTROL NUMBER
control field ##J1888
008 - FIXED-LENGTH DATA ELEMENTS--GENERAL INFORMATION
fixed length control field 090401t1990 xxu||||| |||| 00| 0 eng d
035 ## - SYSTEM CONTROL NUMBER
System control number (Sirsi) u46007
041 0# - LANGUAGE CODE
Language code of text/sound track or separate title eng
050 04 - LIBRARY OF CONGRESS CALL NUMBER
Classification number 658.4092 $2 21
110 2# - MAIN ENTRY--CORPORATE NAME
Corporate name or jurisdiction name as entry element Touche Ross
9 (RLIN) 233
245 00 - TITLE STATEMENT
Title Strategic issues for chartered surveyors
Remainder of title strategic leadership
260 ## - PUBLICATION, DISTRIBUTION, ETC.
Place of publication, distribution, etc. London
Name of publisher, distributor, etc. Touche Ross
Date of publication, distribution, etc. 1990
300 ## - PHYSICAL DESCRIPTION
Extent 9
Type of unit leaves
Dimensions 30cm.
350 ## - PRICE (NR) (BK AM CF MU VM SE) [OBSOLETE]
Price 0
490 #0 - SERIES STATEMENT
Series statement Touche Ross Strategic Issues for Chartered Surveyors Bulletin
Volume/sequential designation 3
520 ## - SUMMARY, ETC.
Summary, etc. Reissue of publication originally produced by Spicer Consulting Group q.v.
690 ## - LOCAL SUBJECT ADDED ENTRY--TOPICAL TERM (OCLC, RLIN)
Topical term or geographic name as entry element MANAGEMENT-BUSINESS MANAGEMENT
942 ## - ADDED ENTRY ELEMENTS (KOHA)
Suppress in OPAC 0
948 ## - LOCAL PROCESSING INFORMATION (OCLC); SERIES PART DESIGNATOR (RLIN)
c (OCLC) 04/03/1997
Holdings
Withdrawn status Lost status Source of classification or shelving scheme Damaged status Not for loan Home library Current library Shelving location Date acquired Total Checkouts Full call number Barcode Date last seen Copy number Price effective from Koha item type
    Dewey Decimal Classification     London London Basement 01/11/1993   SHELF 202 30040023 06/08/2019 1 06/08/2019 Book